Writing for science and engineering: papers, presentations and reports
Kaydedildi:
| Yazar: | |
|---|---|
| Materyal Türü: | Kitap |
| Dil: | İngilizce |
| Baskı/Yayın Bilgisi: |
Oxford
Butterworth-Heinemann
2000
|
| Edisyon: | 1a. ed |
| Seri Bilgileri: | Engineering
|
| Konular: | |
| Etiketler: |
Etiketle
Etiket eklenmemiş, İlk siz ekleyin!
|
MARC
| LEADER | 00000nam a2200000 a 4500 | ||
|---|---|---|---|
| 001 | UCK9402 | ||
| 003 | CL-VaPUC | ||
| 008 | 060512e20000000UK |||||||||||||||||eng|d | ||
| 020 | |a 0750646365 | ||
| 082 | 0 | 4 | |a 808.066 |b SIL |2 21 |
| 100 | 0 | |a Silyn-Roberts, Heather |e author |9 499167 | |
| 245 | 1 | 0 | |a Writing for science and engineering: papers, presentations and reports |
| 250 | |a 1a. ed | ||
| 300 | |a 281 p | ||
| 942 | |c BK | ||
| 945 | |d 20060512 00:00:00 |a cmena | ||
| 260 | |a Oxford |b Butterworth-Heinemann |c 2000 | ||
| 650 | 0 | |a Literatura científica |9 453769 | |
| 650 | 0 | |a Redacción científica |9 470816 | |
| 650 | 0 | |a Análisis del discurso |9 256696 | |
| 650 | 0 | |a Investigación lingüística |9 329785 | |
| 583 | |a last modification |c 20060512 00:00:00 |k Rodrigo Vera | ||
| 490 | 0 | |a Engineering | |
| 999 | |c 316609 |d 316607 | ||
| 952 | |0 0 |1 0 |4 0 |6 808_066000000000000_SIL_2000 |7 0 |8 A |9 391145 |a BIBING |b BIBING |d 2019-11-22 |i 4227409 |o 808.066 SIL 2000 |p 4227409 |r 2025-01-20 |w 2019-11-22 |y BK |k EIB | ||